000 00728nam a2200241 4500
003 OSt
005 20260601193904.0
008 260508b |||a|||| |||| 00| 0 spa d
040 _aICI
_bspa
_cICI
_erda
050 _aNK1510
_bD57
100 _eautor
245 _aDistrito del Diseño:
_bQuerétaro
264 _aMéxico
_bDistrito del Diseño Querétaro
_c2018
300 _a59 páginas
336 _2rdacontent
_atexto
337 _2rdamedia
_asin medio
338 _2rdacarrier
_avolumen
650 _aDiseño industrial
_zMéxico
_zQuerétaro
650 _aDiseño contemporáneo mexicano
_934291
650 _aDiseño y desarrollo regional
_934292
650 _aIndustrias creativas
_zMéxico
_934293
942 _2lcc
_n1
_cB
999 _c22343
_d22343